El pensamiento vivo del General San Martin

Compilación de una serie de notas, cartas, proclamas y otros tipos de documentos del llamado libertador del sur, el general argentino José Francisco de San Martín. Se presenta una serie de temas acompañados de algún texto del general donde se expresa su pensamiento al respecto. Estos temas van desde...

Ausführliche Beschreibung

Gespeichert in:
Bibliographische Detailangaben
1. Verfasser: Capdevila, Arturo
Format: Buch
Sprache:Undetermined
Veröffentlicht: Buenos Aires, Argentina Losada 1945
Schlagworte:
Tags: Tag hinzufügen
Keine Tags, Fügen Sie den ersten Tag hinzu!

MARC

LEADER 00000nam a2200000Ia 4500
008 170316s9999 xx 000 0 und d
040 |a cru BVZT 
090 |a 100 C-9p 
100 |a Capdevila, Arturo  |9 2004 
245 |a El pensamiento vivo del General San Martin  |c / Arturo Capdevila 
260 |a Buenos Aires, Argentina  |b Losada  |c 1945 
300 |a 180páginas 
520 |a Compilación de una serie de notas, cartas, proclamas y otros tipos de documentos del llamado libertador del sur, el general argentino José Francisco de San Martín. Se presenta una serie de temas acompañados de algún texto del general donde se expresa su pensamiento al respecto. Estos temas van desde la libertad hasta la guerra, desde el honor militar hasta la sangre y sacrificios, desde la vida hasta la muerte, desde Chile hasta Perú. 
650 |a FILOSOFÍA  |9 5 
999 |c 15976  |d 15976 
942 |c 15 D  |h 100 C-9p  |2 z